| 000 | 00642cam a2200229 a 4500 | ||
|---|---|---|---|
| 001 | 000019719 | ||
| 005 | 20200929170120.0 | ||
| 008 | 750604s1955 ve 000 0 spa d | ||
| 040 |
_aDO-SdBNP _cCtY _dDLC _dBNPHU |
||
| 042 | _apremarc | ||
| 050 | 0 | 0 |
_aF3059 _b.S2 |
| 082 |
_annn _bS115s |
||
| 100 | 1 |
_aSabella, Andrés, _d1912-1989. _942168 |
|
| 245 | 1 | 0 |
_aSemblanza del norte chileno / _cAndrés Sabella. |
| 260 |
_aSantiago de Chile : _bUniversitaria, _c1955. |
||
| 300 |
_a103 p. ; _c15 cm. |
||
| 490 | 1 |
_aSaber _v4 |
|
| 651 | 0 |
_aChile. _941446 |
|
| 830 | 0 |
_aSaber ; _v4 _942169 |
|
| 910 | _aCatalogación derivada / LC | ||
| 049 | _aBNGR | ||
| 999 |
_c19233 _d19233 |
||